தை தக்கா காதல் /

Saved in:
Bibliographic Details
Main Author: சுபி அஞ்சனா
Format: Book
Language:English
Tamil
Published: இந்தியா ; எ,எஸ் பதிப்பகம் , 2025,
Edition:1ம் பதிப்பு
Subjects:
Tags: Add Tag
No Tags, Be the first to tag this record!

MARC

LEADER 00000nam a22000007a 4500
003 LK-TrUPL
005 20260417101402.0
008 260417b |||||||| |||| 00| 0 eng d
040 |a LK-TrUPL  |b tam  |d LK-TrUPL 
041 |a tam 
082 |2 23  |a 894.811  |b அஞ்ச 
100 |a சுபி அஞ்சனா 
245 |a தை தக்கா காதல் /  |c சுபி அஞ்சனா 
250 |a 1ம் பதிப்பு 
260 |a இந்தியா ;  |b எ,எஸ் பதிப்பகம் ,  |c 2025, 
300 |a ப,28;  |c ச,மீ,19, 
650 0 |a கதை 
700 |a சுபி அஞ்சனா 
942 |c LBK 
999 |c 13343  |d 13343